000 00661nam a22002175a 4500
001 1663231
003 OSt
005 20250402173857.0
008 200917s2019 sp gr 000 0 spa d
020 _a9789584287557
040 _aCO-MqBPB
_bspa
_cCO-MqBPB
_erda
041 0 _aspa
082 0 4 _aC
_bROVc
100 1 _aRovira, Alex.
245 1 3 _aCuentos para niñas y niños Felices;
_c35 historias con valores para sembrar felicidad
250 _aSegunda edición ;
264 1 _aBogotá :
_bEditorial Planeta Colombiana S.A.,
_c2021.
300 _a174 páginas ;
_c24 cm.
_bTapa rustica, ilustraciones a color
942 _2ddc
_cBKINF
949 _an
_bn
999 _c13933
_d13933